000 00784nam a2200145 4500
999 _c5077
_d5077
020 _a651849679
050 _aTK5102.5
_b.T318
100 _aLevin, Jonathan V
245 _aThe export economies :
_btheir pattern of development in historical perspective
_cJonathan V Levin
260 _aCambridge, Massachusetts :
_bHarvard University Press,
_c1960.
300 _axiv, 347 pages,
_b1 unnumbered leaf of plates : illustrations, map ;
_c22 cm.
505 _aThe export economies: a framework, introduction and summary -- The Past. Peru in guano age -- The sources of factor supply -- The pattern of development -- The Modern Revolt. Burma's rice-marketing board -- The instruments of revolt -- Probelms and prospects.
650 _aDeveloping countries.
_xCommerce.
942 _cBK